Bailliere's midwives' dictionary. / (Record no. 6509)
[ view plain ]
| 000 -LEADER | |
|---|---|
| fixed length control field | 00630nam a22001577a 4500 |
| 008 - FIXED-LENGTH DATA ELEMENTS--GENERAL INFORMATION | |
| fixed length control field | 180209b xxu||||| |||| 00| 0 eng d |
| 020 ## - INTERNATIONAL STANDARD BOOK NUMBER | |
| International Standard Book Number | 9780702044847 |
| 050 ## - LIBRARY OF CONGRESS CALL NUMBER | |
| Classification number | RG45.B3 |
| 100 ## - MAIN ENTRY--PERSONAL NAME | |
| Personal name | TIRAN, Denise |
| 245 ## - TITLE STATEMENT | |
| Title | Bailliere's midwives' dictionary. / |
| Statement of responsibility, etc. | Denise Tiran |
| 250 ## - EDITION STATEMENT | |
| Edition statement | 12th ed. |
| 260 ## - PUBLICATION, DISTRIBUTION, ETC. | |
| Place of publication, distribution, etc. | New York: |
| Name of publisher, distributor, etc. | Elsevier Ltd., |
| Date of publication, distribution, etc. | 2012. |
| 300 ## - PHYSICAL DESCRIPTION | |
| Extent | ix, 260p.: |
| Other physical details | ills.; |
| Dimensions | 15cm |
| 505 ## - FORMATTED CONTENTS NOTE | |
| Formatted contents note | Contents: Dictionary of terms: Management of primary postpartum haemorrhage -- Basic life support (mother) -- Neonatal resuscitation -- Management of shoulder dystocia -- Management of cord prolapse -- Abbreviations. |
| 942 ## - ADDED ENTRY ELEMENTS (KOHA) | |
| Source of classification or shelving scheme | Library of Congress Classification |
| Koha item type | Books |
| Withdrawn status | Lost status | Source of classification or shelving scheme | Damaged status | Not for loan | Home library | Current library | Shelving location | Date acquired | Total Checkouts | Full call number | Barcode | Date last seen | Copy number | Price effective from | Koha item type |
|---|---|---|---|---|---|---|---|---|---|---|---|---|---|---|---|
| Library of Congress Classification | WISCONSIN INTERNATIONAL UNIVERSITY COLLEGE, GHANA - MAIN LIBRARY | WISCONSIN INTERNATIONAL UNIVERSITY COLLEGE, GHANA - MAIN LIBRARY | nursing | 09/02/2018 | RG45.B3 | NURS/368/030/18 | 09/02/2018 | 1 | 09/02/2018 | Books | |||||
| Library of Congress Classification | WISCONSIN INTERNATIONAL UNIVERSITY COLLEGE, GHANA - MAIN LIBRARY | WISCONSIN INTERNATIONAL UNIVERSITY COLLEGE, GHANA - MAIN LIBRARY | nursing | 09/02/2018 | RG45.B31 | NURS/369/031/18 | 09/02/2018 | 2 | 09/02/2018 | Books | |||||
| Library of Congress Classification | WISCONSIN INTERNATIONAL UNIVERSITY COLLEGE, GHANA - MAIN LIBRARY | WISCONSIN INTERNATIONAL UNIVERSITY COLLEGE, GHANA - MAIN LIBRARY | nursing | 09/02/2018 | RG45.B32 | NURS/370/032/18 | 09/02/2018 | 3 | 09/02/2018 | Books | |||||
| Library of Congress Classification | WISCONSIN INTERNATIONAL UNIVERSITY COLLEGE, GHANA - MAIN LIBRARY | WISCONSIN INTERNATIONAL UNIVERSITY COLLEGE, GHANA - MAIN LIBRARY | nursing | 09/02/2018 | RG45.B33 | NURS/371/033/18 | 09/02/2018 | 4 | 09/02/2018 | Books |
